Loading...
| Auditory Arts | 4 | 10.00 | 75% | 0% | 25% |
| Beliefs | 9 | 15.56 | 89% | 44% | 22% |
| Current Events | 1 | 20.00 | 100% | 100% | 0% |
| Fine Arts - Other Arts | 4 | 15.00 | 100% | 50% | 0% |
| Geography | 1 | 10.00 | 100% | 0% | 0% |
| History - American | 3 | 13.33 | 100% | 33% | 0% |
| History - Ancient | 3 | 20.00 | 100% | 100% | 0% |
| History - European | 4 | 12.50 | 75% | 25% | 25% |
| History - World | 4 | 22.50 | 100% | 75% | 50% |
| Literature - American | 6 | 10.00 | 83% | 17% | 0% |
| Literature - British | 8 | 13.75 | 100% | 25% | 13% |
| Literature - European | 3 | 13.33 | 100% | 33% | 0% |
| Literature - World | 7 | 10.00 | 86% | 14% | 0% |
| Other Academic | 1 | 0.00 | 0% | 0% | 0% |
| Philosophy | 3 | 6.67 | 67% | 0% | 0% |
| Science - Biology | 4 | 15.00 | 75% | 75% | 0% |
| Science - Chemistry | 3 | 10.00 | 67% | 33% | 0% |
| Science - Other | 5 | 8.00 | 80% | 0% | 0% |
| Science - Physics | 6 | 13.33 | 100% | 33% | 0% |
| Social Science | 7 | 12.86 | 86% | 43% | 0% |
| Visual Arts | 7 | 14.29 | 100% | 43% | 0% |